Normal view
MARC view
- Integrated software
Entry Topical Term
001 - CONTROL NUMBER
- control field: 94386
003 - CONTROL NUMBER IDENTIFIER
- control field: NUST
005 - DATE AND TIME OF LATEST TRANSACTION
- control field: 20220721131611.0
008 - FIXED-LENGTH DATA ELEMENTS
- fixed length control field: 220721|| aca||aabn | a|a d
040 ## - CATALOGING SOURCE
- Original cataloging agency: NUST
- Transcribing agency: NUST
150 ## - HEADING--TOPICAL TERM
- Topical term or geographic name entry element: Integrated software
670 ## - SOURCE DATA FOUND
- Source citation: Work cat.: (NUST)179510: Kay, David C., 94385, Microsoft Works for Windows 95 for dummies /, c1995.
